عرض عادي عرض مارك

مدخل Personal Name

عدد التسجيلات المستخدمة في: 1

001 - CONTROL NUMBER

  • control field: 10837

003 - CONTROL NUMBER IDENTIFIER

  • control field: DLC

005 - DATE AND TIME OF LATEST TRANSACTION

  • control field: 20260608105703.0

008 - FIXED-LENGTH DATA ELEMENTS

  • fixed length control field: 860130n| azannaabn |b aaa

010 ## - LIBRARY OF CONGRESS CONTROL NUMBER

  • LC control number: n 84061444

035 ## - SYSTEM CONTROL NUMBER

  • System control number: (OCoLC)oca01497860

040 ## - CATALOGING SOURCE

  • Original cataloging agency: DLC
  • Language of cataloging: eng
  • Description conventions: rda
  • Transcribing agency: DLC
  • Modifying agency: DLC
  • Modifying agency: OCoLC
  • Modifying agency: PU-ME

046 ## - SPECIAL CODED DATES

  • Birth date: 1948-12-25
  • Source of date scheme: edtf

100 1# - HEADING--PERSONAL NAME

  • Personal name: عرب، محمد صابر

400 1# - SEE FROM TRACING--PERSONAL NAME

  • Personal name: عرب، محمد صابر

500 ## - SEE ALSO FROM TRACING--PERSONAL NAME

  • Personal name: ʻArab, Muḥammad Ṣābir

670 ## - SOURCE DATA FOUND

  • Source citation: His Ḥādith 4 Fibrāyir 1942 wa-al-ḥayāh al-siyāsīyah al-Miṣrīyah, 1985:
  • Information found: t.p. (Duktūr Muḥammad Ṣābir ʻArab, mudarris al-tārīkh al-ḥadīth wa-al-muʻāṣir, Jāmiʻat al-Azhar)

670 ## - SOURCE DATA FOUND

  • Source citation: His al-Shakhṣīyah al-Ṣihyūnīyah, 1983:
  • Information found: t.p. (Muḥammad ʻArab)

670 ## - SOURCE DATA FOUND

  • Source citation: Bayna al-tārīkh wa-al-siyāsah, 2019:
  • Information found: title page (محمد صابر عرب = Muḥammad Ṣābir ʻArab) page 495 (محمد صابر إبراهيم عرب = Muḥammad Ṣābir Ibrāhīm ʻArab; professor of history in Kullīyat al-Lughah al-ʻArabīyah, Jāmiʻat al-Azhar; born 25 December 1948 in Al Imdan, El-Reyad, Kafr El Sheikh Governorate, Egypt)

700 ## - ESTABLISHED HEADING LINKING ENTRY--PERSONAL NAME

  • Personal name: ʻArab, Muḥammad Ṣābir

905 ## - cataloger

  • cataloger: Auth_BKS
Cairo University Libraries Portal Implemented & Customized by: Eng. M. Mohamady Contacts: new-lib@cl.cu.edu.eg | cnul@cl.cu.edu.eg
CUCL logo CNUL logo
© All rights reserved — Cairo University Libraries
CUCL logo
Implemented & Customized by: Eng. M. Mohamady Contact: new-lib@cl.cu.edu.eg © All rights reserved — New Central Library
CNUL logo
Implemented & Customized by: Eng. M. Mohamady Contact: cnul@cl.cu.edu.eg © All rights reserved — Cairo National University Library